| 000 | 00684nam a22002297a 4500 | ||
|---|---|---|---|
| 005 | 20170124110125.0 | ||
| 010 | _a915771 | ||
| 020 |
_c00.00 _a0233967060 |
||
| 035 | _a915771 | ||
| 037 | _bCen Lib/Ret | ||
| 040 |
_aDPL _bEN |
||
| 082 |
_aN _bSAG |
||
| 100 |
_aSagan, Francoise _931437 |
||
| 245 |
_aLost profile / _cby Françoise Sagan ; translated by Joanna Kilmartin |
||
| 260 |
_aLondon _bAndre Deutsch _c1976 |
||
| 270 |
_a105 Great Russell Street _bLondon |
||
| 300 |
_a134p. _c19cm(Hb) |
||
| 650 |
_aFrench fiction -- Translations into English _931438 |
||
| 650 |
_aRelationships -- Fiction _931439 |
||
| 700 |
_a Kilmartin, Joanna _931440 |
||
| 942 |
_2ddc _cEN _hN _mSAG |
||
| 999 |
_c131310 _d131310 |
||